00613nam a2200193 i 450000100060000000300090000600500170001500700030003200800410003510000420007624501020011825000150022026000340023530000340026949000220030370000400032583000220036585200320038799352ES-MaACL20230906182501.0t|050907s1956 sp ||||1| spa d1 aMartín-Sánchez Juliá, Fernando.10aEconomía agraria / cFernando Martín-Sánchez Juliá, Manuel María de Zulueta y Enriquez. a[1ª ed.]. aBarcelona : bSalvat, c1956. aXV, 443 p. : bil. ; c22 cm.1 aAgrícola Salvat1 aZulueta y Enriquez, Manuel María.0 aAgrícola Salvat aES-MaACLjC-11311 bR.39388